000 01441nam a22004217a 4500
001 000007754
003 CHAP
005 20220817041148.0
008 971013s1992 r 00010 d
010 _a7695
011 _a8667
035 _a7896
040 _cCHAP
090 _aFolleto 13972
100 0 0 _aLópez Ríos, Georgina Florencia.
_968299
245 1 0 _aMicrobiología agrícola.
260 _aChapingo, Méx. :
_bUACH. Dirección de Difusión Cultural,
_c1992.
300 _a66 p.
490 1 _aApoyos académicos
_v; 18
590 _aBATCH-UPD
_b10
_c20130110
_lUCH01
_h1737
590 _aBATCH-UPD
_b10
_c20130410
_lUCH01
_h1117
590 _aBATCH-UPD
_b10
_c20130914
_lUCH01
_h0517
590 _aCONVERSION
_b10
_c20130109
_lUCH01
_h1305
590 _aE5995AHE
_b05
_c20150212
_lUCH01
_h0950
650 1 4 _aBacterias patógenas.
_99328
650 1 4 _aHongos fitopatógenos.
_956132
650 1 4 _aMicroorganismos en agricultura.
_975527
710 0 _aUACH. Dirección de Difusión Cultural.
830 0 _aApoyos academicos
_v; 18
901 _aBK
942 _cFOLL
942 _n0
949 _aFolleto 13972
_bBC
_cBPP
_d-17833
_eBPP
_fc.4
_i7896
_mD
_si
949 _aFolleto 13972
_bBC
_cFOLL
_d-17830
_eTS1
_i7896
_mD
_si
949 _aFolleto 13972
_bBC
_cFOLL
_d-17831
_eTS2
_fc.2
_i7896
_mD
_si
949 _aFolleto 13972
_bBC
_cFOLL
_d-17832
_eTS2
_fc.3
_i7896
_mD
_si
949 _aFolleto 13972
_bBC
_cUACH
_d-17834
_eUACH
_fc.5
_i7896
_mD
_si
999 _c7695
_d7695